| 000 | 00828cab a2200241 4500 | ||
|---|---|---|---|
| 001 | WB3426-51 | ||
| 008 | 090401t1998 xxu||||| |||| 00| 0 eng d | ||
| 035 | _a(Sirsi) u87318 | ||
| 041 | _aeng | ||
| 245 | _aNew farming initiative | ||
| 260 | _c1998 | ||
| 350 | _a0 | ||
| 490 |
_aCountryside Commission News Release _v6 July 1998 (3) |
||
| 520 | _aCountryside Commission has launched the "Land Management Initiative" which is a programme of twelve projects that will test how farming systems can respond to the changing needs of the countryside into the next century. Details. | ||
| 650 | _aAGRICULTURAL POLICY | ||
| 650 | _aAGRICULTURAL SYSTEMS | ||
| 650 | _aCOUNTRYSIDE COMMISSION | ||
| 650 | _aFARMERS | ||
| 650 | _aLAND MANAGEMENT INITIATIVE | ||
| 690 | _aRURAL PRACTICE | ||
| 942 | _n0 | ||
| 948 | _c09/07/1998 | ||
| 999 |
_c55073 _d55073 |
||